Obálka
Pro půjčování e-knih musíte být přihlášeni.
Jak si půjčit online?

No filter : to dobré, to špatné a to krásné /

Pojednání o zlomeném srdci, zármutku, kráse, stárnutí, vztazích, znovuobjevení a nalezení cíle. Pořízková zde v esejích odhaluje svoji duši a sdílí životní lekce, které ji mnohému naučily - často těžkým a bolestivým způsobem.

Uloženo v:
Hlavní autor: Pořízková, Pavlína, 1965- (Autor)
Další autoři: Suchá, Tereza (Autor)
Médium: E-audiokniha
Jazyk:Czech
Vydáno: V Brně : Jota, 2023
Vydání:Vydání první
Témata:
Tagy:
Žádné tagy
LEADER 03328nam a2200769 i 4500
001 302589
003 CZ PrSKC
005 20260513063244.0
007 ta
008 230425s2023 xr e 000 0acze
015 |a cnb003517484 
020 |a 9788076891500  |q (vázáno) 
035 |a (OCoLC)1389729054 
040 |a BOA001  |b cze  |e rda 
041 1 |a cze  |h eng 
043 |a n-us--- 
045 |a x-y- 
072 7 |a 687  |x Oděvní průmysl. Kosmetika. Kadeřnictví. Péče o vzhled  |2 Konspekt 
072 7 |a 929  |x Biografie  |2 Konspekt 
080 |a 687.5.01-055.2  |2 MRF 
080 |a 929  |2 MRF 
080 |a (73)  |2 MRF 
080 |a (0:82-94)  |2 MRF 
100 1 |a Pořízková, Pavlína,  |d 1965-  |7 ola200207481  |4 aut 
240 1 0 |a No filter.  |l Česky 
245 1 0 |a No filter :  |b to dobré, to špatné a to krásné /  |c Pavlína Pořízková ; z anglického originálu No filter ... přeložila Tereza Suchá 
250 |a Vydání první 
264 1 |a V Brně :  |b Jota,  |c 2023 
300 |a 223 stran ;  |c 22 cm 
336 |a text  |b txt  |2 rdacontent 
337 |a bez média  |b n  |2 rdamedia 
338 |a svazek  |b nc  |2 rdacarrier 
520 2 |a Pojednání o zlomeném srdci, zármutku, kráse, stárnutí, vztazích, znovuobjevení a nalezení cíle. Pořízková zde v esejích odhaluje svoji duši a sdílí životní lekce, které ji mnohému naučily - často těžkým a bolestivým způsobem. 
546 |a Český text 
600 1 7 |a Pořízková, Pavlína,  |d 1965-  |7 ola200207481  |2 czenas 
648 7 |a 20.-21. století  |7 ch462155  |2 czenas 
650 0 7 |a modelky  |7 ph122931  |z Spojené státy americké  |y 20.-21. století  |2 czenas 
650 0 9 |a female models  |z United States  |y 20th-21st centuries  |2 eczenas 
655 7 |a autobiografické vzpomínky  |7 fd131854  |2 czenas 
655 9 |a autobiographical reminiscences  |2 eczenas 
700 1 |a Suchá, Tereza  |7 ola20191048629  |4 trl 
900 |a ABA001  |b 20 
044 |a xr 
505 0 0 |t 01_uvod (12 min., 2 sek.) 
505 0 0 |t 02_placici_dama_na_instagramu (17 min., 20 sek.) 
505 0 0 |t 03_rikali_nam_devcatka (28 min., 42 sek.) 
505 0 0 |t 04_detstvi (21 min., 34 sek.) 
505 0 0 |t 05_postata_krasy (11 min., 25 sek.) 
505 0 0 |t 06_zamilovanost (19 min., 31 sek.) 
505 0 0 |t 07_seznameni_s_budoucnosti (22 min., 0 sek.) 
505 0 0 |t 08_vyska (18 min., 25 sek.) 
505 0 0 |t 09_kouzelne_penize (18 min., 33 sek.) 
505 0 0 |t 10_zodpovednost_krasy (15 min., 6 sek.) 
505 0 0 |t 11_slava (14 min., 50 sek.) 
505 0 0 |t 12_smutek_a_zrada (23 min., 43 sek.) 
505 0 0 |t 13_zlomene_srdce (15 min., 33 sek.) 
505 0 0 |t 14_skutecne_penize (23 min., 48 sek.) 
505 0 0 |t 15_sok (13 min., 31 sek.) 
505 0 0 |t 16_odvaha (12 min., 31 sek.) 
505 0 0 |t 17_odhalena_ne_naha (19 min., 12 sek.) 
505 0 0 |t 18_zabrana (17 min., 24 sek.) 
505 0 0 |t 19_kazda_zena_je_krasna (16 min., 55 sek.) 
505 0 0 |t 20_osud_a_volba (18 min., 12 sek.) 
505 0 0 |t 21_podekovani (4 min., 43 sek.) 
910 |a RBIT002 
998 |d 426383  |a https://core.palmknihy.cz/api/books/426383/cover?tdxd3r  |b https://core.palmknihy.cz/api/books/426383/cover/400?tdxd3r  |c https://core.palmknihy.cz/api/books/426383/cover/50?tdxd3r  |e 2028-07-08  |i 9788076891500  |l 22320  |q 49  |r 1  |s https://www.palmknihy.cz/kniha/426383  |t audiobook  |y 2023  |z 0 
999 |d 302587